Government budgeting and expenditure controls theory and practice

Na minha lista:
Detalhes bibliográficos
Autor principal: Premchand, A.
Formato: Livro
Idioma:inglês
Publicado em: Washington, D.C. IMF 1983
Assuntos:
Tags: Adicionar Tag
Sem tags, seja o primeiro a adicionar uma tag!

MARC

LEADER 00000nam$a2200000$$$4500
001 0020216
005 20221205071755.0
020 |a 0-939934-25-6 
041 0 |a eng 
044 |a US 
245 1 0 |a Government budgeting and expenditure controls  |b theory and practice  |c A. Premchand 
264 1 |a Washington, D.C.  |b IMF  |c 1983 
300 |a 530 s. 
610 2 0 |a rozpočtovanie 
610 2 0 |a rozpočty verejné 
610 2 0 |a rozpočet štátny 
610 2 0 |a výdavky rozpočtu štátneho 
610 2 0 |a výdavky verejné 
610 2 0 |a kontrola 
610 2 0 |a politika fiškálna 
610 2 0 |a plánovanie rozpočtové 
610 2 0 |a inflácia 
610 2 0 |a manažment finančný 
100 1 |a Premchand, A.